000 00526nam a22001937a 4500
003 KenMUT
005 20241017160714.0
008 241017b |||||||| |||| 00| 0 eng d
020 _a9780030337192
040 _cMUT
050 _aQD33
_b.M42 2001
100 _a Masterton, William L.
245 _aChemistry :
_bprinciples and reactions
250 _a4th ed.
260 _aFort Worth
_bHarcourt
_c2001
650 _a Chemistry
700 _aHurley Cecile N.
942 _2lcc
_cBK
_n0
999 _c22340
_d22340